000 00300nam a2200109Ia 4500
008 230907s9999||||xx |||||||||||||| ||und||
082 _a621.3822
_bKAM
245 0 _aFundamentals of signals and systems using the Web and MATLAB /
260 _aPearson
_bNoida :
_c2014
300 _a644 p.
942 _cBK
999 _c598876
_d598876